000 00813nam a2200265 a 4500
003 AR-BaBNM
005 20251128204002.0
008 082120s2002 ||||||||||||||000 | spa||
040 _cAR-BaBNM
100 1 _aEsquiu, Mamerto
_cFray
245 0 0 _aFray Mamerto Esquiú
_bla vida y la obra
260 _aBuenos Aires
_bMinisterio de Educación y Justicia
_c1958
300 _a68 p.
500 _aContiene una breve nota biográfica a cargo de María Emma Carsuzán en p. 5
650 4 _aHISTORIA ARGENTINA
650 4 _aBIOGRAFIAS
650 4 _aHISTORIA DE LAS IDEAS
650 4 _aHISTORIA CONSTITUCIONAL
650 4 _aDISCURSOS
650 4 _aIGLESIA Y ESTADO
650 4 _aCONGRESO CONSTITUYENTE DE 1853
710 1 _aArgentina
_bMinisterio de Educación y Justicia
942 _cBK
998 _cMARTIN
999 _c5719
_d5719